000 01001nam a22002897a 4500
003 PE SENCICO BE
005 20251020182641.0
008 230825b |||||||| |||| 00| 0 eng d
020 _a978-84-16160-81-5
040 _aPE SENCICO BE
_cPE SENCICO BE
041 _aspa
082 _a710
_bV
245 1 _aVisiones urbanas :
_bde la cultura del plan al urbanismo paisajístico /
_ceditores: Carmen Diez Medina, Javier Monclús
250 _a[1a ed.]
260 _aMadrid :
_bAbada editores,
_c2017
300 _a303 páginas :
_bilustraciones a color, láminas,
_c24 x 30 cm.
440 _91429
_aH. del arte y de la arquitectura
504 _aBibliografía a final de cada capítulo.
650 1 0 _978
_aUrbanismo
650 2 0 _9528
_aPlanificación urbana
650 2 0 _91318
_aDesarrollo urbano
650 2 0 _91430
_aArquitectura paisajista urbana
700 1 _91431
_aDíez Medina, Carmen
_eeditor
700 1 _91432
_aMonclús, Javier
_eeditor
910 _bhfp
_chfp
942 _2ddc
_cLIB
999 _c4289
_d4289